| 000 | 01179nam a2200265 u 4500 | ||
|---|---|---|---|
| 001 | 000486482 | ||
| 003 | AM-YeHGA | ||
| 005 | 20250617134252.0 | ||
| 008 | 060503s2004 ||| r 000 0 rus d | ||
| 020 | _a5354005329 | ||
| 040 | _aAM-YeHGA | ||
| 041 | 0 | _arus | |
| 100 | 1 | _aТрубецков, Дмитрий Иванович | |
| 245 | 1 | 0 |
_aВведение в синергетику : _bХаос и структуры / _cД.И. Трубецков. |
| 250 | _a2-е изд., испр. и доп. | ||
| 260 |
_aМосква : _bУРСС, _c2004. |
||
| 300 |
_a235 с. : _bил. |
||
| 440 | 0 | _aСинергетика: от прошлого к будущему | |
| 504 | _aБиблиогр.: с. 232-235 | ||
| 520 | _aКнига может быть полезна учащимся физико-математических классов, студентам первых курсов естественнонаучных специальностей университетов | ||
| 653 | 0 | _aАвтоматика и телемеханика | |
| 653 | 0 | _aСамонастраивающиеся системы | |
| 653 | 0 | _aСинергетика | |
| 090 | _c180443 | ||
| 999 |
_c178995 _d178995 |
||